000 00504nam a2200205Ia 4500
005 20240823024402.0
008 240823s9999||||xx |||||||||||||| ||und||
020 _a978-781-203-3792-3
041 _aENGLISH
082 _A658.8 P9
100 _aSudalaimuthu S
245 0 _aLogistics Management for International Business
250 _a1st
260 _c2009
_b#VALUE!
500 _aYES
650 _aLogistics
_bManagement Studies
700 _a Anthony Raj S
942 _cBK
999 _c183796
_d183796